Tratado de medidas cautelares. la intervención judicial como medida cautelar. La medida cautelar genérica o innominada. La tutela cautelar administrativa. Suspensión del acto administrativo / 4 :
Guardado en:
| Autor Principal: | |
|---|---|
| Otros Autores: | , , |
| Formato: | Libro |
| Idioma: | Spanish |
| Publicado: |
Santa Fe :
Jurídica Panamericana,
1997.
|
| Materias: | |
| Etiquetas: |
Agregar Etiqueta
Sin Etiquetas, Sea el primero en etiquetar este registro!
|
| LEADER | 00773nam a22001815a 4500 | ||
|---|---|---|---|
| 001 | DER.der012986 | ||
| 008 | 180615s1997####ag#||||||||||||||#||spa|| | ||
| 005 | 20250821145007.0 | ||
| 245 | 1 | 0 | |a Tratado de medidas cautelares. |n 4 : |b la intervención judicial como medida cautelar. La medida cautelar genérica o innominada. La tutela cautelar administrativa. Suspensión del acto administrativo / |c coordinado por Jorge W. Peyrano...[et. al.]. |
| 260 | |a Santa Fe : |b Jurídica Panamericana, |c 1997. | ||
| 300 | |a 279 p. | ||
| 020 | |a 9509706450 | ||
| 100 | 1 | |a Peyrano, Jorge W., |e coord. | |
| 700 | 1 | |a Constantino, Juan Antonio. | |
| 700 | 1 | |a de los Santos, Mabel Alicia. | |
| 700 | 1 | |a Martínez, Hernán J. | |
| 650 | 7 | |a DERECHO PROCESAL CIVIL | |
| 859 | |a DERECHO |b BIB. DERECHO |h 347.05 |i TRA |p 003265 | ||
